| 000 | 00635nam a2200217 a 4500 | ||
|---|---|---|---|
| 001 | 17233 | ||
| 003 | CO-ViMGA | ||
| 008 | 141112s2004 ck r 000 u spa d | ||
| 020 | _a9586146863 | ||
| 040 |
_aCO-ViMGA _bspa _cCO-ViMGA |
||
| 082 | 0 | 4 | _aCo863.44 C177ha |
| 100 | 1 |
_aCastro Caicedo, Germán _915357 |
|
| 245 | 1 | 0 | _aHágase tu voluntad |
| 260 |
_aBogotá, _cPlaneta, _c1998 |
||
| 300 | _a369.p. | ||
| 590 | _aForma de adquisición : Premio - Mincultura | ||
| 650 | 1 | 4 |
_aINDIGENAS DE COLOMBIA - RELATOS PERSONALES _924506 |
| 650 | 1 | 4 |
_aNOVELA COLOMBIANA _91193 |
| 650 | 1 | 4 |
_aSELVA - RELATOS PERSONALES _924507 |
| 942 |
_2ddc _cBK |
||
| 999 |
_c26807 _d26807 |
||